00922nam a2200265Ia 450000500170000000800410001702000150005804100080007308200180008110000210009924501150012025000310023526400300026630000330029633600270032933700330035633800280038949000230041765000370044065000440047765100320052165100270055370000410058004000350062120220316235302.0121119s2003 mx a gr 000 0 spa  a96823095301 aspa04a940.252bB17E1 aBarudio, Gunter,13aLa época del absolutismo y la ilustración (1648-1779)cGunter Barudio ; traductor, Vicente Romano García aDécima primera edición 1aMéxicobSiglo XXIc2003 a467 páginasbilustraciones atextobtxt2rdacontent asin mediaciónbn2rdamedia avolumenbnc2rdacarrier0 aHistoria universal142LEMBaIlustraciónySiglo XVIII142LEMBaHistoria de EspañaySiglo XVIII 4aEuropaxHistoriay1500-1700 4aEuropaxCivilización1 aRomano García, Vicente etraductor aCO-BoRNBPbspaerdacCO-BoRNBP